When The Heart Speaks (Record no. 209199)

MARC details
000 -LEADER
fixed length control field 00605nam a22001937a 4500
005 - DATE AND TIME OF LATEST TRANSACTION
control field 20250218122457.0
010 ## - LCCN (DPL NO)
LC control number ENG-126577
020 ## - INTERNATIONAL STANDARD BOOK NUMBER
Terms of availability 750.00
International Standard Book Number 9788194928654
035 ## - SYSTEM CONTROL NUMBER
System control number EN-143045
037 ## - SOURCE OF ACQUISITION
Source of stock number/acquisition DBAD
Stock number 01
082 ## - DEWEY DECIMAL CLASSIFICATION NUMBER
Classification number 616.1206
Edition number 01
100 ## - MAIN ENTRY--PERSONAL NAME
Personal name Kaul Upendra
245 ## - TITLE STATEMENT
Title When The Heart Speaks
Statement of responsibility, etc by Upendra Kaul
Remainder of title Memoirs of a Cardiolgist
Medium English
250 ## - EDITION STATEMENT
Edition statement 01
260 ## - PUBLICATION, DISTRIBUTION, ETC. (IMPRINT)
Place of publication, distribution, etc New Delhi
Name of publisher, distributor, etc Konark Publishers Pvt Ltd
Date of publication, distribution, etc 2022
270 ## - ADDRESS
City New Delhi
Address 206,1st floor, peacock lane,shahpur jat
Postal code 110049
300 ## - PHYSICAL DESCRIPTION
Extent 202hb
Dimensions 23cm
942 ## - ADDED ENTRY ELEMENTS (KOHA)
Source of classification or shelving scheme Dewey Decimal Classification
Item type English Books
Classification part 616.1206
Call number suffix Kau
Edition 01
Holdings
Withdrawn status Lost status Not for loan Collection code Home library Current library Date acquired Source of acquisition Cost, normal purchase price Full call number Barcode Copy number Cost, replacement price Koha item type
    Not For Loan Non-fiction D.B.Act.Division D.B.Act.Division 18/02/2025 DBAD/PUB 750.00 616.1206 Kau EN-143045 01 750.00 English Books

© Delhi Public Library
Hit Counter
free hit counter